Text book of Natural Farming / (Record no. 53286)

MARC details
000 -LEADER
fixed length control field 00732nam a2200253Ia 4500
005 - DATE AND TIME OF LATEST TRANSACTION
control field 20260429112259.0
008 - FIXED-LENGTH DATA ELEMENTS--GENERAL INFORMATION
fixed length control field 260429s9999||||xx |||||||||||||| ||und||
020 ## - INTERNATIONAL STANDARD BOOK NUMBER
International Standard Book Number 9789348596222
041 ## - LANGUAGE CODE
Language English
082 ## - DEWEY DECIMAL CLASSIFICATION NUMBER
Classification number 631
Item number JHA
100 ## - MAIN ENTRY--PERSONAL NAME
Personal name Jha, Shankar
245 #0 - TITLE STATEMENT
Title Text book of Natural Farming /
Statement of responsibility, etc Shankar Jha
260 ## - PUBLICATION, DISTRIBUTION, ETC. (IMPRINT)
Place of publication, distribution, etc New Delhi :
Name of publisher, distributor, etc Today & Tomorrow's Printers and Publishers,
Date of publication, distribution, etc 2025.
300 ## - PHYSICAL DESCRIPTION
Extent 746 p.; hb
650 ## - SUBJECT ADDED ENTRY--TOPICAL TERM
Topical term or geographic name as entry element Organic farming
650 ## - SUBJECT ADDED ENTRY--TOPICAL TERM
Topical term or geographic name as entry element Sustainable agriculture
650 ## - SUBJECT ADDED ENTRY--TOPICAL TERM
Topical term or geographic name as entry element Natural farming
700 ## - ADDED ENTRY--PERSONAL NAME
Personal name Goswami, Amit Kumar
700 ## - ADDED ENTRY--PERSONAL NAME
Personal name Pandey, Punyavrat Suvimalendu
700 ## - ADDED ENTRY--PERSONAL NAME
Personal name Prasad, Shiv Shankar
700 ## - ADDED ENTRY--PERSONAL NAME
Personal name Rai, Mayank
700 ## - ADDED ENTRY--PERSONAL NAME
Personal name Singh, Shiveshwar Pratap
942 ## - ADDED ENTRY ELEMENTS (KOHA)
Koha item type Text Books
Holdings
Withdrawn status Lost status Damaged status Not for loan Collection code Home library Location Shelving location Date of Cataloging Source of acquisition Total Checkouts Full call number Barcode Date last seen Price effective from Koha item type
        Non-fiction CUTN Central Library CUTN Central Library Medicine, Technology & Management 29/04/2026 Today and Tomorrow’s Printers & Publishers, New Delhi - Invoice No. IN-00470 on 10-02-2026   631 JHA 58620 29/04/2026 29/04/2026 Text Books